000 01161nam a2200277 a 4500
001 BRCA_7823
005 20190320210019.0
008 221013s2012----sp-a######---#000-0#spa-#
020 _a9788497736367
041 _aspa
044 _asp
050 4 _aNK7114
_b.S84 2012
245 1 0 _aEl sueño de El Dorado
_bestudios sobre la plata iberoamericana (siglos XVI-XIX)
_ccoordinadores Jesús Paniagua Pérez, Nuria Salazar Simarro, Moisés Gámez.
260 _aLeón, España : México
_bUniversidad de León : INAH
_c2012
300 _a470 p.
_bil. (algunas a color), mapas, planos, tablas
_c30 cm.
500 _aincluye índice onomástico y geográfico
500 _aDonado por Jesús Paniagua, 4 oct., 2013
504 _aIncluye referencias bibliográficas
650 1 4 _aPlata
_xHistoria
_ySiglo XVI-XIX
_zAmérica Latina
_919376
650 1 4 _aPlata
_xMinas y extracción
_ySiglo XVI-XIX
_zAmérica Latina
_919377
650 1 4 _aOrfebrería
_xHistoria
_ySiglo XVI-XIX
_zAmérica Latina
_919378
700 1 _aPaniagua Pérez, Jesús
_ecoord.
_92812
700 1 _aSalazar Simarro, Nuria
_ecoord.
_97071
700 1 _aGámez, Moisés
_ecoord.
_919379
942 _2lcc
_cB
999 _c7497
_d7497